Phân tích các yếu tố ảnh hưởng đến nhu cầu sử dụng dịch vụ spa của phụ nữ tại thành phố Cần Thơ : Luận văn tốt nghiệp cao học. Chuyên ngành Quản trị kinh doanh
Phân tích thực trạng sử dụng dịch vụ spa hiện nay; Phân tích các yếu tố ảnh hưởng đến chi tiêu cho dịch vụ spa của phụ nữ trên địa bàn thành phố Cần Thơ; Đề xuất một số giải pháp và kiến nghị giúp các cơ sở kinh doanh spa xây dựng chiế...
Na minha lista:
| Autor principal: | |
|---|---|
| Formato: | Livro |
| Idioma: | Undetermined |
| Publicado em: |
Cần Thơ
Trường Đại học Cần Thơ
2015
|
| Assuntos: | |
| Tags: |
Adicionar Tag
Sem tags, seja o primeiro a adicionar uma tag!
|
| Thư viện lưu trữ: | Trung tâm Học liệu Trường Đại học Cần Thơ |
|---|
| LEADER | 01359nam a2200217Ia 4500 | ||
|---|---|---|---|
| 001 | CTU_209533 | ||
| 008 | 210402s9999 xx 000 0 und d | ||
| 082 | |a 658.8 | ||
| 082 | |b Th108 | ||
| 088 | |a 60340102 | ||
| 100 | |a Đỗ, Hoàng Phương Thảo | ||
| 245 | 0 | |a Phân tích các yếu tố ảnh hưởng đến nhu cầu sử dụng dịch vụ spa của phụ nữ tại thành phố Cần Thơ : | |
| 245 | 0 | |b Luận văn tốt nghiệp cao học. Chuyên ngành Quản trị kinh doanh | |
| 245 | 0 | |c Đỗ Hoàng Phương Thảo ; Phạm Lê Thông (Hướng dẫn khoa học) | |
| 260 | |a Cần Thơ | ||
| 260 | |b Trường Đại học Cần Thơ | ||
| 260 | |c 2015 | ||
| 520 | |a Phân tích thực trạng sử dụng dịch vụ spa hiện nay; Phân tích các yếu tố ảnh hưởng đến chi tiêu cho dịch vụ spa của phụ nữ trên địa bàn thành phố Cần Thơ; Đề xuất một số giải pháp và kiến nghị giúp các cơ sở kinh doanh spa xây dựng chiến lược thu hút ngà càng nhiều khách hàng | ||
| 650 | |a Quản trị kinh doanh,Business management | ||
| 904 | |i Trần Thị Hồng Ngọc (Nguyên) | ||
| 980 | |a Trung tâm Học liệu Trường Đại học Cần Thơ | ||